000 00891cam a2200277 a 4500
001 13968408
003 GBCCL
005 20241126110426.0
008 041108s2004 ii b 001 0 eng
010 _a 2004307937
020 _a8172147945
040 _aDLC
_cDLC
042 _alcode
043 _aa-ii---
_aa-cc-ti
050 0 0 _aKNS2155.R43
_bS83 2004
082 _a261.8328
_bREF
245 1 0 _aRefugees :
_ccompiled by N. Subramanya.
_bright to freedom of expression and communication, a legal handbook
260 _aNew Delhi :
_bWACCO/ ISPCK
_c2004
300 _a337p. ;
_c22 cm.
520 _aStudy with special reference to Tibetan refugees in India.
650 0 _aPolitical refugees
_xLegal status, laws, etc.
_zIndia.
_94815
650 0 _aHuman rights.
_94816
906 _a7
_bcbc
_corigode
_d2
_encip
_f20
_gy-gencatlg
942 _2ddc
_cBK
_02
999 _c2325
_d2325